| 000 | 00717nam a2200241 a 4500 | ||
|---|---|---|---|
| 005 | 20240228064142.0 | ||
| 008 | 140626s2008 es r 000 0 spa d | ||
| 020 | _a9788430569274 | ||
| 035 | _aUPN01000198393 | ||
| 049 | _aI | ||
| 050 | 4 |
_aQL49 _bW5.2 |
|
| 100 | 1 |
_aWilson, Hannah _935635 |
|
| 245 | 1 | 0 |
_aCrías de animales / _cHannah Wilson, Nicki Palin ; tr. Pilar Tutor. |
| 260 |
_aMadrid : _bSusaeta, _c2008. |
||
| 300 |
_a18 p. : _bil. col. |
||
| 440 | 0 | _aMundo animal | |
| 534 |
_pTítulo original : _tBaby animals |
||
| 650 | 7 |
_aAnimales _vLiteratura infantil _2 _91061 |
|
| 650 | 4 |
_aLibros y lectura para niños _92290 |
|
| 700 | 1 |
_aPalin, Nicki, _ecoaut. |
|
| 905 | _aInfantil | ||
| 999 |
_c170494 _d170494 |
||